000 00382nam a2200145Ia 4500
008 211109s9999||||xx |||||||||||||| ||und||
082 _a894.8123
_bGOR-G
100 _aGorki,
245 0 _aGorkyude Nadakangal
260 _bPrabhatham
_aKozhikode
_c1957
300 _a464p.
630 _xGeneral Stack
650 _aMALAYALAM LITERATURE
_vMALAYALAM NOVEL
_xGeneralia
942 _cBOOK
999 _c20685
_d20685